Born in Macon/Georgia - Statistics

General Stats
  • This quiz has been taken 15 times
  • The average score is 3 of 6
Answer Stats
Hint Answer % Correct
Singer and influential figure in popular music, "Tutti Frutti" 1932 Little Richard
100%
Actor, "Ninotchka" "I Never Sang for My Father" "Hud" 1901 Melvyn Douglas
50%
Actress, known for her role as Elsbeth Tascioni in "The Good Wife" and "The Good Fight" 1967 Carrie Preston
30%
Actor, "The More the Merrier" "The Devil and Miss Jones" "The Green Years" 1877 Charles Coburn
30%
Hall of Fame offensive tackle who played for the Baltimore Colts 1934 Jim Parker
30%
Secret Service agent known for using his body to shield Vice President Johnson during the assassination of President Kennedy 1924 Rufus Youngblood
30%
No matching quizzes found
Score Distribution
Percent of People with Each Score
Percentile by Number Answered
Your Score History
You have not taken this quiz